Particle physics and cosmology (Record no. 14038)

MARC details
000 -LEADER
fixed length control field 00640nam a2200193Ia 4500
003 - CONTROL NUMBER IDENTIFIER
control field IN-BaIIA
008 - FIXED-LENGTH DATA ELEMENTS--GENERAL INFORMATION
fixed length control field 211028s9999 xx 000 0 eng d
020 ## - INTERNATIONAL STANDARD BOOK NUMBER
International Standard Book Number 1-56396-965-3
040 ## - CATALOGING SOURCE
Transcribing agency IIA Library
080 ## - UNIVERSAL DECIMAL CLASSIFICATION NUMBER
Universal Decimal Classification number 524.834
Item number PAR
245 #0 - TITLE STATEMENT
Title Particle physics and cosmology
Statement of responsibility, etc. edited by Jose F. Nieves
260 ## - PUBLICATION, DISTRIBUTION, ETC.
Place of publication, distribution, etc. Melville
Name of publisher, distributor, etc. American Institute of Physics
Date of publication, distribution, etc. 2000
300 ## - PHYSICAL DESCRIPTION
Extent viii, 381p.
490 ## - SERIES STATEMENT
Series statement AIP conference proceedings; vol. 540
650 ## - SUBJECT ADDED ENTRY--TOPICAL TERM
Topical term or geographic name entry element Cosmology
650 ## - SUBJECT ADDED ENTRY--TOPICAL TERM
Topical term or geographic name entry element Particle physics
9 (RLIN) 1847
700 ## - ADDED ENTRY--PERSONAL NAME
Personal name Nieves, Jose F., ed.
9 (RLIN) 22640
942 ## - ADDED ENTRY ELEMENTS (KOHA)
Koha item type Books
Holdings
Withdrawn status Lost status Damaged status Not for loan Home library Current library Shelving location Date acquired Source of acquisition Cost, normal purchase price Total Checkouts Full call number Barcode Date last seen Cost, replacement price Price effective from Koha item type Purchase Price
        IIA Library-Bangalore IIA Library-Bangalore General Stacks 02/04/2001 ANJ 6169.80   524.834/ PAR 14958 05/11/2021 6169.80 02/04/2001 Books Rs. 6169.80

Powered by Koha